| Tag |
First Indicator |
Second Indicator |
Subfields |
| LEADER |
00000cam a22000001 4500 |
| 001 |
in00000053264 |
| 005 |
20151007070155.0 |
| 008 |
740625s1966 nyua b 00010 eng |
| 010 |
|
|
|a 66028312
|
| 035 |
|
|
|a (OCoLC)00333212
|
| 035 |
|
|
|9 AAE3485AM
|
| 040 |
|
|
|a DLC
|c DLC
|d TXA
|d UtOrBLW
|
| 041 |
1 |
|
|a eng
|a fre
|
| 049 |
|
|
|a TXAM
|c [463126]
|
| 050 |
0 |
0 |
|a QC411
|b .F713 1966
|
| 082 |
0 |
|
|a 535.4
|
| 092 |
|
|
|a 535.4
|b F826o, 1966
|
| 100 |
1 |
|
|a Françon, M.
|q (Maurice),
|d 1913-
|
| 245 |
1 |
0 |
|a Optical interferometry /
|c [by] M. Francon. [Translated from the French by I. Wilmanns].
|
| 264 |
|
1 |
|a New York :
|b Academic Press,
|c 1966.
|
| 300 |
|
|
|a xi, 307 pages :
|b illustrations ;
|c 24 cm.
|
| 336 |
|
|
|a text
|b txt
|2 rdacontent
|
| 337 |
|
|
|a unmediated
|b n
|2 rdamedia
|
| 338 |
|
|
|a volume
|b nc
|2 rdacarrier
|
| 504 |
|
|
|a Bibliography: pages 297-303.
|
| 650 |
|
0 |
|a Interference (Light)
|
| 999 |
|
|
|a MARS
|
| 999 |
f |
f |
|s 6ee5e25b-266c-3dd8-8c08-a7a64fde1ae9
|i 84f9db46-7920-30f5-9943-fb2312716891
|t 0
|
| 952 |
f |
f |
|p normal
|a Texas A&M University
|b College Station
|c Sterling C. Evans Library
|d Evans: Library Stacks
|t 0
|e QC411 .F713 1966
|h Library of Congress classification
|i unmediated -- volume
|m A14800917505
|
| 998 |
f |
f |
|a QC411 .F713 1966
|t 0
|l Evans: Library Stacks
|